[Event "Masters"]
[Site "Hastings ENG"]
[Date "2009.01.01"]
[Round "5"]
[White "Adair,J"]
[Black "Kakkanas,E"]
[Result "1-0"]
[WhiteElo "2072"]
[BlackElo "2009"]

1.e4 c5 2.Nf3 Nc6 3.Bb5 Na5 4.c3 a6 5.Be2 d5 6.exd5 Qxd5 7.d4 cxd4 8.cxd4 e6
9.Nc3 Qd8 10.O-O Nf6 11.Ne5 Be7 12.Be3 O-O 13.Qd3 Bd7 14.Bf3 Rc8 15.Rfd1 Bc6
16.d5 Bxd5 17.Nxd5 exd5 18.Bxd5 Qxd5 19.Qxd5 Nxd5 20.Rxd5 Nc4 21.Nxc4 Rxc4
22.Rd7 Bf6 23.Rxb7 Rc2 24.Rb1 Rfc8 25.g3 h6 26.a4 R8c6 27.b4 R6c4 28.a5 Bd4
29.Bxd4 Rxd4 30.Rb3 Rdd2 31.Rf3 f6 32.Rf4 Rd6 33.Rg4 g5 34.Re4 Kf8 35.Ree7 Rc4
36.Rh7 Kg8 37.Rxh6 Rc8 38.h4 gxh4 39.Rxh4 Rcd8 40.Rg4+ Kf8 41.Rh7 R8d7 42.Rxd7 Rxd7
43.Rc4 Ke7 44.Rc6 Rb7 45.Rb6 Rxb6 46.axb6 Kd6 47.g4 Kc6 48.f4 Kxb6 49.g5  1-0

[Event "Masters"]
[Site "Hastings ENG"]
[Date "2009.01.03"]
[Round "7"]
[White "Spanton,T"]
[Black "Knight,S"]
[Result "1-0"]
[WhiteElo "1982"]
[BlackElo "2148"]

1.e4 c5 2.Nf3 Nc6 3.Bb5 d6 4.d4 cxd4 5.Qxd4 Bd7 6.Bxc6 Bxc6 7.Nc3 Nf6 8.Bg5 h6
9.Bh4 g5 10.Bg3 Bg7 11.O-O-O Qa5 12.Rhe1 Nh5 13.Qd2 Rc8 14.Nd4 b5 15.Kb1 Nxg3
16.hxg3 Bd7 17.Nd5 Qxd2 18.Rxd2 e6 19.Nc3 a6 20.Red1 Ke7 21.f4 Rhd8 22.a3 Be8
23.Rh1 Rc4 24.Rhd1 b4 25.axb4 Rxb4 26.e5 dxe5 27.Nf5+ exf5 28.Rxd8 Rd4 29.R8xd4 exd4
30.Ne2 gxf4 31.gxf4 Bc6 32.g3 Bf3 33.Rd2 Bxe2 34.Rxe2+ Kd6 35.Ka2 Bf6 36.Kb3 h5
37.Rh2 h4 38.gxh4 Kd5 39.h5 Ke4 40.h6 Kxf4 41.h7 Bh8 42.Kc4 Kg3 43.Rh5 Kg4
44.Rh1 f4 45.Kd3 Kg5 46.Ke4 a5 47.b3  1-0

[Event "Masters"]
[Site "Hastings ENG"]
[Date "2009.01.03"]
[Round "7"]
[White "Marusenko,P"]
[Black "Roelvaag,M"]
[Result "0-1"]
[WhiteElo "2320"]
[BlackElo "2199"]

1.e4 c5 2.Nf3 Nc6 3.Bb5 Qb6 4.Bxc6 bxc6 5.O-O e6 6.e5 Ne7 7.Na3 Ba6 8.d3 Nf5
9.c3 d5 10.exd6 Bxd6 11.Nc4 Qc7 12.Qe2 O-O 13.g3 Rfe8 14.Ng5 Rad8 15.Ne4 Bf8
16.g4 Ne7 17.Nxc5 Bc8 18.d4 Nd5 19.Ne5 f6 20.Ned3 e5 21.Qf3 exd4 22.cxd4 Qf7
23.h3 Qg6 24.Kh1 f5 25.g5 f4 26.Bxf4 Bxc5 27.dxc5 Bf5 28.Kh2 Bxd3 29.Rg1 Qf5
30.Rg4 Be2  0-1

[Event "TCh-BEL 2008-9"]
[Site "Belgium BEL"]
[Date "2009.01.04"]
[Round "6"]
[White "Docx,S"]
[Black "Wiersma,E"]
[Result "1/2-1/2"]
[WhiteElo "2331"]
[BlackElo "2414"]

1.e4 c5 2.Nf3 Nc6 3.Bb5 g6 4.Bxc6 bxc6 5.O-O Bg7 6.Re1 Nf6 7.e5 Nd5 8.c4 Nc7
9.d4 cxd4 10.Qxd4 d6 11.Qh4 dxe5 12.Bh6 Bf6 13.Qe4 Bf5 14.Qxc6+ Bd7 15.Qe4 Bf5
16.Qc6+ Bd7 17.Qe4  1/2-1/2

[Event "Open A"]
[Site "Gjovik NOR"]
[Date "2009.01.04"]
[Round "6"]
[White "Dolzhikova,O"]
[Black "Umudova,N"]
[Result "0-1"]
[WhiteElo "2291"]
[BlackElo "2219"]

1.e4 c5 2.Nf3 Nc6 3.Bb5 g6 4.O-O Bg7 5.Bxc6 bxc6 6.Re1 Nh6 7.c3 O-O 8.d4 cxd4
9.cxd4 d6 10.h3 f6 11.Nc3 Nf7 12.Be3 Bd7 13.Qc2 a5 14.Rac1 Rb8 15.b3 Qc8
16.Bf4 Rb4 17.Qd2 Qb7 18.Na4 g5 19.Be3 h6 20.Nb2 f5 21.Qc2 Nd8 22.Bd2 Rb5
23.e5 d5 24.Nd3 Ne6 25.Nc5 Nxc5 26.dxc5 Qc7 27.Nd4 Rb7 28.f4 e6 29.Kh1 Qd8
30.Qc3 gxf4 31.Bxf4 Kh7 32.Bd2 Ra7 33.Qd3 Rg8 34.Rc2 Bf8 35.Kh2 Be7 36.Nf3 Bh4
37.Rf1 Bc8 38.Qe3 Rg6 39.Nd4 Rag7 40.Be1 Ba6 41.Bxh4 Qxh4 42.Rf4 Qh5 43.Nxc6 Qd1
44.Rff2 Rg3 45.Qxg3 Rxg3 46.Kxg3 Qe1 47.Rd2 Bb5 48.Nd4 Qxe5+ 49.Kf3 f4  0-1

[Event "Masters"]
[Site "Hastings ENG"]
[Date "2009.01.04"]
[Round "8"]
[White "Gormally,D"]
[Black "Kwiatkowski,F"]
[Result "1/2-1/2"]
[WhiteElo "2514"]
[BlackElo "2219"]

1.e4 c5 2.Nf3 Nc6 3.Bb5 g6 4.Bxc6 dxc6 5.d3 Bg7 6.h3 Nf6 7.Nc3 e5 8.Be3 Qe7
9.Qd2 Nd7 10.Nh2 Nf8 11.Ne2 Ne6 12.Bh6 f6 13.O-O Bxh6 14.Qxh6 Bd7 15.f4 exf4
16.Nxf4 O-O-O 17.Ne2 Rhf8 18.Qe3 Kb8 19.c3 Rde8 20.a3 Nc7 21.Ng3 f5 22.Rae1 f4
23.Rxf4 Nd5 24.Rxf8 Nxe3 25.Rxe8+ Bxe8 26.Rxe3 Qe6 27.Re2 Qd6 28.Re3 Qe6
29.Nf3 Qb3 30.Re2 Qd1+ 31.Kf2 Kc7 32.e5 Qxd3 33.Ne4 Qc4 34.Nfd2 Qf7+ 35.Nf6 h6
36.Ne4 Qe7 37.Nd6 Bf7 38.g4 b6 39.Kg3 Qe6 40.c4 b5 41.b3 a6 42.h4 Qe7 43.a4 Be6
44.g5 h5 45.axb5 axb5 46.Ra2 Kb8 47.Kf4 Bd7 48.Ra6 Qe6 49.Rb6+ Ka8 50.Ra6+ Kb8
51.Rb6+ Ka8 52.Rb7 Qh3 53.Nxd7 Qxh4+ 54.Kf3 Qg4+ 55.Kf2 Qd4+ 56.Ke2  1/2-1/2

[Event "Australian Open"]
[Site "Manly Sydney AUS"]
[Date "2009.01.04"]
[Round "5"]
[White "Lovejoy,D"]
[Black "Myers,S"]
[Result "1/2-1/2"]
[WhiteElo "2014"]
[BlackElo "1807"]

1.e4 c5 2.Nf3 Nc6 3.Bb5 g6 4.O-O Bg7 5.Re1 d6 6.c3 Bd7 7.d4 cxd4 8.cxd4 a6
9.Bxc6 Bxc6 10.Nc3 d5 11.Qb3 Nf6 12.e5 Ng4 13.h3 Nh6 14.e6 O-O 15.Ne5 fxe6
16.Nxc6 bxc6 17.Bxh6 Bxh6 18.Rxe6 Rf6 19.Rxf6 exf6 20.Re1 Qd7 21.Ne4 Kf7
22.Nc5 Qc8 23.Qf3 Bf8 24.Nd3 Kg7 25.Qf4 Qd7 26.Qg4 Qf7 27.Re6 Qd7 28.Re2 Qxg4
29.hxg4 Kf7 30.Rc2 Rc8 31.b4 Ke8 32.a4 Kd7 33.Rb2 Rb8 34.Kf1 Re8 35.Nc5+  1/2-1/2

[Event "14th Open"]
[Site "Bosnjaci CRO"]
[Date "2009.01.05"]
[Round "4"]
[White "Vajic,G"]
[Black "Budimir,Bor"]
[Result "0-1"]
[WhiteElo "2079"]
[BlackElo "2353"]

1.e4 c5 2.Nf3 Nc6 3.Bb5 e5 4.O-O Nge7 5.c3 g6 6.d4 cxd4 7.cxd4 exd4 8.Bf4 Bg7
9.Bd6 O-O 10.Nbd2 b6 11.e5 Bb7 12.Re1 Re8 13.Bc4 Nf5 14.Qb3 Nxd6 15.exd6 Rf8
16.Qa4 a6 17.Bd5 b5 18.Qd1 Na5 19.Bxb7 Nxb7 20.Ne4 Qb6 21.Rc1 Rad8 22.Qb3 Nxd6
23.Qd5 Nxe4 24.Rxe4 Rde8 25.Ng5 Rxe4 26.Nxe4 Qe6 27.Qxe6 dxe6 28.Rc6 Rd8
29.Kf1 d3 30.Ke1 Bxb2 31.Rxa6 b4 32.Ra4 Rd4 33.Nc5 Bc3+ 34.Kd1 Rd5 35.Ne4 Re5  0-1

[Event "14th Open"]
[Site "Bosnjaci CRO"]
[Date "2009.01.05"]
[Round "4"]
[White "Kiewra,K"]
[Black "Kuljasevic,D"]
[Result "0-1"]
[WhiteElo "2364"]
[BlackElo "2527"]

1.e4 c5 2.Nf3 Nc6 3.Bb5 e6 4.O-O Nge7 5.b3 Nd4 6.Nxd4 cxd4 7.c3 a6 8.Bd3 Nc6
9.Bb2 Bc5 10.b4 Ba7 11.a4 O-O 12.Qh5 d6 13.Kh1 e5 14.b5 dxc3 15.Nxc3 Nb4
16.Bb1 Bd4 17.bxa6 bxa6 18.a5 Rb8 19.Ra3 Nc6 20.Ba1 Nxa5 21.Bd3 Nb3 22.Qe2 Nc5
23.Nd5 Bxa1 24.Rfxa1 Bb7 25.Bc4 g6 26.Qe3 Qh4 27.f3 Bxd5 28.Bxd5 Rb4 29.Qe1 Qxe1+
30.Rxe1 Rfb8 31.h4 Rd4 32.Ra2 Kg7 33.Rc1 f5 34.Re1 Rb6 35.Kh2 Nd3 36.Rd1 Nb4
37.Ra4 Nxd5 38.Rxd4 exd4 39.exd5 a5 40.Rc1 Ra6 41.Ra1 a4 42.Ra3 Kf6 43.f4 Ke7
44.Kg3 Kd7 45.h5 gxh5 46.Kh4 Ke7 47.Kxh5 Kf6 48.g3 Ra7 49.Kh6 d3 50.Kh5 Ra5
51.Kh6 Ra6 52.Kh5 h6 53.Kxh6 Ra7 54.Ra1 a3 55.Ra2 Ra5  0-1

[Event "38th Rilton Cup 2008-9"]
[Site "Stockholm SWE"]
[Date "2009.01.05"]
[Round "9"]
[White "Boric,E"]
[Black "Wickstrom,L"]
[Result "1-0"]
[WhiteElo "2292"]
[BlackElo "2183"]

1.e4 c5 2.Nf3 Nc6 3.Bb5 Nf6 4.Qe2 g6 5.O-O Bg7 6.e5 Ng4 7.Bxc6 dxc6 8.Nc3 h5
9.h3 Nh6 10.Ne4 b6 11.Nf6+ Kf8 12.Ne4 Nf5 13.Neg5 Qd5 14.c4 Nd4 15.Nxd4 Qxd4
16.Qf3 Bf5 17.e6 f6 18.Qxc6 Re8 19.Nf7 Rh7 20.d3 Qxd3 21.Re1 Qxc4 22.b3 Qa6
23.Bb2 Qc8 24.Qd5 Qa8 25.Qc4 Bh6 26.Nxh6 Rxh6 27.Rad1 Rd8 28.Qf4 Kg7 29.Qc7 Re8
30.Bxf6+ Kg8 31.Bc3 Qb8 32.Qd7 g5 33.Qd5 Rf8 34.Re5 Rhf6 35.Re3 Rg6 36.Rde1 g4
37.hxg4 Bxg4 38.Qe4 Rxe6 39.Qd5 Qf4 40.f3 Qd6 41.Qxd6 Rxd6 42.fxg4  1-0

[Event "38th Rilton Cup 2008-9"]
[Site "Stockholm SWE"]
[Date "2009.01.05"]
[Round "9"]
[White "Krantz,C"]
[Black "Guenther,O"]
[Result "1/2-1/2"]
[WhiteElo "2084"]
[BlackElo "1978"]

1.e4 c5 2.Nf3 Nc6 3.Bb5 Nd4 4.Nxd4 cxd4 5.O-O e6 6.d3 a6 7.Bc4 Be7 8.Nd2 d5
9.exd5 exd5 10.Bb3 Bf6 11.Re1+ Ne7 12.Nf1 O-O 13.Ng3 Nc6 14.Qf3 Be6 15.Nh5 Be5
16.Bf4 f6 17.Bg3 Bf7 18.Qg4 g6 19.Nf4 Bxf4 20.Bxf4 Kg7 21.Bd2 Re8 22.Rxe8 Bxe8
23.Re1 Bf7 24.h4 h5 25.Qf4 Qd7 26.g3 Re8 27.Rxe8 Bxe8 28.c3 Bf7 29.cxd4 Qe7
30.Bd1 Kg8 31.a3 Kg7 32.Kg2 Kg8 33.b4 Kg7 34.Bf3 Kg8 35.g4 hxg4 36.Qxg4 Qd8
37.Be3 Kh7 38.Qf4 Kg8 39.Qh6 Ne7 40.Bg4 Nf5 41.Bxf5 gxf5 42.Qf4 Bg6 43.Qf3 Kf7
44.h5 Bh7 45.Kf1 Qd6 46.Bh6 Ke6 47.Bf4 Qc6 48.Qe3+ Kf7 49.Kg2 Qc8 50.Kh2 Qe8
51.Qc1 Kg8 52.Qd1 Kh8 53.Qf3 Bg8 54.Bg3 Be6 55.Kg1 Kh7 56.Bf4 Bf7 57.h6 Qg8+
58.Kf1 Qg4 59.Qxg4 fxg4 60.Kg2 Bg6 61.Kg3 Bxd3 62.Kxg4  1/2-1/2

[Event "14th Open"]
[Site "Bosnjaci CRO"]
[Date "2009.01.07"]
[Round "7"]
[White "Ivekovic,Bo2"]
[Black "Topic,Boz"]
[Result "0-1"]
[WhiteElo "1940"]
[BlackElo "2014"]

1.e4 c5 2.Nf3 Nc6 3.Bb5 Nd4 4.Nxd4 cxd4 5.O-O g6 6.c3 dxc3 7.bxc3 Bg7 8.d4 b6
9.Bb2 Bb7 10.Nd2 Nf6 11.Re1 O-O 12.Bf1 e6 13.c4 Qc7 14.f3 Nh5 15.Nb3 d6 16.Rc1 Rac8
17.Ba3 Rfd8 18.Qd2 Qd7 19.Red1 Qe7 20.e5 Qf8 21.Bxd6 Rxd6 22.exd6 Bh6 23.Qb4 Be3+
24.Kh1 Ng3+  0-1

[Event "14th Open"]
[Site "Bosnjaci CRO"]
[Date "2009.01.08"]
[Round "8"]
[White "Kiewra,K"]
[Black "Kristovic,M"]
[Result "1/2-1/2"]
[WhiteElo "2364"]
[BlackElo "2330"]

1.e4 c5 2.Nf3 Nc6 3.Bb5 g6 4.O-O Bg7 5.c3 Qc7 6.d4 cxd4 7.cxd4 a6 8.Ba4 b5
9.Bb3 Bb7 10.Nc3 Na5 11.Nd5 Bxd5 12.Bxd5 Rc8 13.e5 e6 14.Be4 f5 15.Bd3 Ne7
16.a4 Qb6 17.axb5 axb5 18.Bd2 Nac6 19.Qb3 Rb8 20.Bb4 Nxb4 21.Qxb4 Nc6 22.Qc3 O-O
23.Bc2 Rfc8 24.Qd2 Bf8 25.Bb3 Bg7 26.h4 Ra8 27.h5 gxh5 28.Qf4 Rxa1 29.Rxa1 Kh8
30.Qh4 Qd8 31.Qxh5 Qe8 32.Qh4 Qg6 33.Qh2 Qg4 34.d5 Nd4 35.Nxd4 Qxd4 36.Rd1 Qxb2
37.Qh3 Qxe5 38.dxe6 dxe6 39.Qh4 Bf6 40.Qb4 Qb2 41.Qxb5 Bd4 42.Rf1 Rg8 43.Qc4 Qd2
44.Qxe6 Rxg2+ 45.Kxg2 Qg5+ 46.Kh1  1/2-1/2

[Event "6th ch-Mediterranean"]
[Site "Antalya TUR"]
[Date "2009.01.11"]
[Round "1"]
[White "Haznedaroglu,K"]
[Black "Richard,E"]
[Result "1-0"]
[WhiteElo "2451"]
[BlackElo "2073"]

1.e4 c5 2.Nf3 Nc6 3.Bb5 d6 4.d4 cxd4 5.Qxd4 Bd7 6.Bxc6 Bxc6 7.Nc3 Nf6 8.Bg5 h6
9.Bxf6 gxf6 10.O-O-O Qb6 11.Nd5 Qxd4 12.Nxd4 Kd7 13.Rhe1 h5 14.h4 Rc8 15.b3 b5
16.Nb4 Bb7 17.Nxb5 Rc5 18.c4 f5 19.Nd3 Bh6+ 20.Kb2 Bg7+ 21.e5 Rxb5 22.cxb5 Bxg2
23.f4 Bf3 24.Rd2 Rc8 25.Rc1 Rxc1 26.Kxc1 Be4 27.Nc5+ Kc7 28.exd6+ exd6 29.Nxe4 fxe4
30.Rd5 Kd7 31.Rxh5 Ke6 32.f5+ Ke5 33.Rh7 Bf6 34.Rxf7 Bxh4 35.Rxa7 d5 36.b6 Kd6
37.b7 Kc7 38.b8=Q+ Kxb8 39.Rd7 e3 40.Kd1  1-0

[Event "6th ch-Mediterranean"]
[Site "Antalya TUR"]
[Date "2009.01.14"]
[Round "6"]
[White "Drljevic,L"]
[Black "Apaydin,F"]
[Result "0-1"]
[WhiteElo "2244"]
[BlackElo "2200"]

1.e4 c5 2.Nf3 Nc6 3.Bb5 Qb6 4.Nc3 e6 5.O-O d6 6.Re1 Bd7 7.Bxc6 Qxc6 8.d4 cxd4
9.Nxd4 Qc4 10.Nf5 exf5 11.exf5+ Kd8 12.Re4 Qc6 13.Bf4 Nf6 14.Rd4 Bxf5 15.Qd2 Ke8
16.Rd1 Rd8 17.Qe2+ Be6 18.g4 h6 19.Nb5 Be7 20.Nxd6+ Kf8 21.h3 Kg8 22.c4 Bxd6
23.Bxd6 Kh7 24.b3 Rhe8 25.Qd3+ Kg8 26.f4 b6 27.g5 hxg5 28.fxg5 Nh7 29.Qg3 Bc8
30.Kf2 Bb7 31.h4 Re4 32.h5 Rde8 33.R1d2 Rxd4 34.Rxd4 Nxg5 35.Be5 Qf3+ 36.Qxf3 Nxf3
37.Rd7 Bc8  0-1

[Event "6th ch-Mediterranean"]
[Site "Antalya TUR"]
[Date "2009.01.15"]
[Round "7"]
[White "Haznedaroglu,K"]
[Black "Atakisi,U"]
[Result "1/2-1/2"]
[WhiteElo "2451"]
[BlackElo "2393"]

1.e4 c5 2.Nf3 Nc6 3.Bb5 d6 4.d4 cxd4 5.Qxd4 Qa5+ 6.Nc3 Qxb5 7.Nxb5 Nxd4 8.Nfxd4 Kd8
9.c4 e6 10.Be3 a6 11.Nc3 Bd7 12.b3 Nf6 13.f3 Rc8 14.Rc1 Kc7 15.Kf2 Kb8 16.Rhd1 Be7
17.a4 h6 18.Rc2 g5 19.Bc1 Ne8 20.Ba3 Bf6 21.Nde2 Be5 22.g3 Bc6 23.f4 gxf4
24.gxf4 Bf6 25.Bxd6+ Nxd6 26.Rxd6 Rhg8 27.Kf3 h5 28.Ng3 Kc7 29.Rd1 Bxc3 30.Rxc3 h4
31.Nh1 f5 32.Nf2 Rcf8 33.Ke3 Rg2 34.b4 Rxh2 35.b5 Bxe4 36.Nxe4 fxe4 37.Rcc1 Rg8
38.Kxe4 Re2+ 39.Kf3 Rgg2 40.c5 axb5 41.axb5 Ref2+ 42.Ke3 Re2+ 43.Kf3 Ref2+
44.Ke3 Re2+ 45.Kf3 Rd2 46.Rxd2 Rxd2 47.Kg4 Rd4 48.c6 bxc6 49.bxc6 e5 50.Kxh4 Rxf4+  1/2-1/2

[Event "6th ch-Mediterranean"]
[Site "Antalya TUR"]
[Date "2009.01.16"]
[Round "8"]
[White "Richard,E"]
[Black "Emiroglu,C"]
[Result "0-1"]
[WhiteElo "2073"]
[BlackElo "2079"]

1.e4 c5 2.Nf3 Nc6 3.Bb5 g6 4.O-O Bg7 5.c3 Nf6 6.Re1 a6 7.Bf1 d6 8.h3 O-O
9.d4 e5 10.dxe5 dxe5 11.Qxd8 Rxd8 12.a4 Be6 13.a5 h6 14.Nbd2 Rd7 15.Bc4 Bxc4
16.Nxc4 Rad8 17.b3 Rd1 18.Bb2 Rxa1 19.Bxa1 Ne8 20.Bb2 Nd6 21.Nfd2 Nb5 22.Nf1 Rd3
23.Re3 Rd1 24.f3 Bf6 25.Kf2 Bd8 26.Ke2 Rd7 27.Nb6 Rd6 28.Na4 Nxa5 29.Nd2 Rxd2+
30.Kxd2 Bg5 31.Nxc5 Nd6 32.Kd3 Bxe3 33.Kxe3 Nxb3 34.Nxb3 Nc4+ 35.Ke2 Nxb2
36.Nc5 Kf8 37.Nxb7 Ke7 38.Kd2 f5 39.g3 f4 40.gxf4 exf4 41.Na5 Kf6 42.c4 Ke5
43.c5 Na4 44.c6 Kd6 45.Kd3 Nc5+ 46.Kc4 Ne6 47.h4 g5 48.h5 Nc7 49.Kd4 Ne6+
50.Kc4 Nc7 51.Kd4 Nb5+ 52.Kc4 Na7 53.e5+ Kxe5 54.c7 Kd6 55.Kd4 Nb5+ 56.Ke4 Nxc7
57.Kf5 Ke7 58.Kg6 Ne6 59.Nc4 g4 60.fxg4 f3 61.Kxh6 f2 62.Ne3 Kf7 63.g5 a5
64.g6+ Kg8 65.g7 Nxg7 66.Kg5 a4 67.h6 a3 68.Kg6 a2 69.Nd5 a1=Q 70.Ne7+ Kf8
71.h7 Kxe7 72.h8=Q Qf6+ 73.Kh7 Qh4+  0-1

[Event "TCh-AUT 2nd Bundesliga West 2008-9"]
[Site "Austria AUT"]
[Date "2009.01.18"]
[Round "8"]
[White "Drabke,L"]
[Black "Brumen,D"]
[Result "1-0"]
[WhiteElo "2474"]
[BlackElo "2368"]

1.e4 c5 2.Nf3 Nc6 3.Bb5 Nf6 4.Nc3 Nd4 5.e5 Nxb5 6.Nxb5 Nd5 7.Ng5 e6 8.Ne4 Qh4
9.d3 Qd8 10.c4 Nb4 11.Bg5 Be7 12.Nbd6+ Kf8 13.Qf3 Nxd3+ 14.Qxd3 Bxg5 15.Qf3 f5
16.Qh5 g6 17.Qxg5 Qxg5 18.Nxg5 h6 19.Ngf7 Rh7 20.Nxc8 Rxc8 21.Nd6 Rb8 22.O-O-O a6
23.Rd3 Ke7 24.Rb3 b6 25.Rxb6 Rxb6 26.Nc8+ Kd8 27.Nxb6 g5 28.Rd1 f4 29.Na4  1-0

[Event "ch-AZE"]
[Site "Baku AZE"]
[Date "2009.01.18"]
[Round "6"]
[White "Guliev,L"]
[Black "Durarbeyli,V"]
[Result "1-0"]
[WhiteElo "2470"]
[BlackElo "2439"]

1.e4 c5 2.Nf3 Nc6 3.Bb5 e6 4.Bxc6 bxc6 5.b3 d5 6.e5 Ne7 7.O-O Ng6 8.d3 Be7
9.Re1 f6 10.Bb2 O-O 11.c4 Qc7 12.Qe2 fxe5 13.Nxe5 Nf4 14.Qf1 Bd6 15.g3 d4
16.gxf4 Rxf4 17.Qe2 Rf5 18.Nf3 Bd7 19.Nbd2 Raf8 20.Kh1 Bxh2 21.Nxh2 Rxf2
22.Qe5 Qxe5 23.Rxe5 Rxd2 24.Ba3 Rf6 25.Rae1 Rh6 26.R5e2 Rxd3 27.Bxc5 Rh5
28.Re5 Rhh3 29.R1e4 Rd2 30.Re2 Rd1+ 31.Kg2 Rh6 32.Nf3 Rg6+ 33.Kf2 Rf6 34.Kg2 Rg6+
35.Rg5 d3 36.Rf2 Be8 37.Rxg6 Bxg6 38.Bxa7 Be4 39.Kg3 g5 40.Nxg5 d2 41.Kf4 Bh1
42.Be3 e5+ 43.Kf5 h6 44.Ne6 Kf7 45.Kxe5+ Ke7 46.Bxd2  1-0

[Event "Open"]
[Site "Marianske Lazne CZE"]
[Date "2009.01.18"]
[Round "2"]
[White "Bielczyk,J"]
[Black "Wuensch,U"]
[Result "1-0"]
[WhiteElo "2317"]
[BlackElo "2049"]

1.e4 c5 2.Nf3 Nc6 3.Bb5 g6 4.O-O Bg7 5.c3 Nf6 6.e5 Nd5 7.d4 cxd4 8.cxd4 O-O
9.Nc3 Nxc3 10.bxc3 d6 11.exd6 Qxd6 12.a4 Bg4 13.h3 Bxf3 14.Qxf3 Rfc8 15.Bf4 Qf6
16.Qg3 e5 17.Bg5 Qf5 18.d5 Nd8 19.Qh4 e4 20.Rad1 Bxc3 21.f3 e3 22.Bxe3 Bf6
23.Qe4 Qe5 24.Bf4 Qb2 25.Bh6 Qe5 26.Rfe1 Qxe4 27.Rxe4  1-0

[Event "ch-BLR w"]
[Site "Minsk BLR"]
[Date "2009.01.19"]
[Round "5"]
[White "Popova,N"]
[Black "Ziaziulkina,N"]
[Result "1-0"]
[WhiteElo "2266"]
[BlackElo "1950"]

1.e4 c5 2.Nf3 Nc6 3.Bb5 e6 4.O-O Nge7 5.Re1 a6 6.Bxc6 Nxc6 7.d4 cxd4 8.Nxd4 d6
9.Nc3 Be7 10.Nxc6 bxc6 11.Qg4 O-O 12.Bh6 Bf6 13.e5 dxe5 14.Ne4 Kh8 15.Rad1 Qe7
16.Be3 Rg8 17.Qf3 Bd7 18.Bc5 Qe8 19.Rd2  1-0

[Event "IMB"]
[Site "Marianske Lazne CZE"]
[Date "2009.01.20"]
[Round "4"]
[White "Robertsen,T"]
[Black "Havlikova,K"]
[Result "1/2-1/2"]
[WhiteElo "2275"]
[BlackElo "2172"]

1.e4 c5 2.Nf3 Nc6 3.Bb5 g6 4.O-O Bg7 5.Re1 Nf6 6.e5 Nd5 7.Nc3 Nc7 8.Bxc6 dxc6
9.Ne4 Ne6 10.d3 O-O 11.Be3 b6 12.Qd2 f5 13.exf6 exf6 14.Bh6 a5 15.a4 Ra7
16.Re2 Raf7 17.Bxg7 Kxg7 18.Rae1 Qd5 19.Ng3 Rd8 20.Re4 Qd6 21.Rh4 Kg8 22.Rhe4 Kg7
23.h4 h5 24.Qe3 Nd4 25.Nxd4 cxd4 26.Qf3 c5 27.Re8 Bb7 28.Rxd8 Qxd8 29.Qe2 Bd5
30.b3 Kf8 31.Qd2 Kg7 32.Qe2 Kf8 33.Qd2 Kg7 34.Ne2 Re7 35.Nf4 Rxe1+ 36.Qxe1 Bf7
37.Qe4 Qd6 38.g3 g5 39.hxg5 fxg5 40.Nh3 Qf6 41.f4 gxf4 42.Nxf4 Qg5 43.Kf2 h4
44.gxh4 Qxh4+ 45.Kf1 Qg5 46.Ke2 Bh5+ 47.Kd2 Bf7 48.Kc1 Bd5 49.Qxd5 Qxf4+
50.Kb2 Qf6 51.Qd7+  1/2-1/2

[Event "IMA"]
[Site "Marianske Lazne CZE"]
[Date "2009.01.20"]
[Round "5"]
[White "Krupa,M"]
[Black "Baum,B"]
[Result "1-0"]
[WhiteElo "2215"]
[BlackElo "2222"]

1.e4 c5 2.Nf3 Nc6 3.Bb5 d6 4.O-O Bd7 5.c3 Nf6 6.Re1 a6 7.Bxc6 Bxc6 8.d4 cxd4
9.cxd4 Bxe4 10.Bg5 Bxf3 11.Qxf3 Qa5 12.Nc3 Qxg5 13.Qxb7 Rd8 14.Qc6+ Rd7 15.d5 e5
16.dxe6 fxe6 17.Rxe6+ Kf7 18.Rxf6+ Qxf6 19.Qxd7+ Qe7 20.Qc6 Qe6 21.Kf1 Be7
22.Re1 Rc8 23.Qf3+  1-0

[Event "Queenstown Classic"]
[Site "Queenstown NZL"]
[Date "2009.01.20"]
[Round "6"]
[White "Forster,W"]
[Black "Smokina,K"]
[Result "1/2-1/2"]
[WhiteElo "1955"]
[BlackElo "2251"]

1.e4 c5 2.Nf3 Nc6 3.Bb5 g6 4.Bxc6 dxc6 5.d3 Bg7 6.h3 b6 7.Nc3 e5 8.Be3 Ne7
9.Qd2 h6 10.Nh2 Nd5 11.exd5 cxd5 12.O-O d4 13.f4 dxc3 14.Qxc3 O-O 15.fxe5 Qd5
16.Nf3 Bb7 17.Qd2 Kh7 18.Bf4 Qe6 19.b3 g5 20.Bh2 Rae8 21.Rae1 Bxf3 22.Rxf3 f5
23.c3 Rd8 24.d4 f4 25.Qd3+ Kh8 26.Qe4 cxd4 27.cxd4 Qd5 28.Qxd5 Rxd5 29.Rd3 Re8
30.Red1 Red8 31.Kf1 Bxe5 32.Bg1 Bf6 33.Ke2 Kg7 34.Kf3 Kg6 35.Rc1 Kf5 36.Rc7 R8d7
37.Rxd7 Rxd7 38.d5 Be5 39.Bf2 h5 40.Ke2 Ke4 41.Be1 g4 42.hxg4 hxg4 43.Bb4 a5
44.Ba3 Rxd5 45.Rxd5 Kxd5 46.Bc1 Ke4 47.a3 Bd4 48.b4 axb4 49.axb4 b5 50.Bd2 f3+
51.gxf3+ gxf3+ 52.Kf1 Kd3 53.Bf4 Kc3 54.Bd6 Kc4 55.Bf8 Bc3 56.Kf2 Bxb4 57.Bh6 Bc5+
58.Kxf3 b4 59.Ke2 Bd4 60.Kd1 Kb3 61.Bf8 Be3 62.Bxb4 Kxb4  1/2-1/2

[Event "ch-PriFO"]
[Site "Kazan RUS"]
[Date "2009.01.21"]
[Round "1"]
[White "Shaposhnikov,E"]
[Black "Davydov,St"]
[Result "1-0"]
[WhiteElo "2544"]
[BlackElo "2197"]

1.e4 c5 2.Nf3 Nc6 3.Bb5 g6 4.O-O Bg7 5.c3 Nf6 6.Re1 O-O 7.h3 Qb6 8.Ba4 d5
9.e5 Ne8 10.d4 c4 11.b3 Qa6 12.bxc4 Qxc4 13.Bb3 Qb5 14.c4 dxc4 15.Na3 Qa6
16.Bxc4 Qa5 17.d5 Nxe5 18.Nxe5 Bxe5 19.Rxe5 Qc3 20.Bf4 Qxa3 21.Qd4 Nd6 22.Bh6 Nxc4
23.Re2 f6 24.Bxf8 Ne5 25.Bh6 Nf7 26.Qxf6  1-0

[Event "ch-PriFO"]
[Site "Kazan RUS"]
[Date "2009.01.21"]
[Round "1"]
[White "Kalegin,E"]
[Black "Volodin,I"]
[Result "1-0"]
[WhiteElo "2510"]
[BlackElo "2172"]

1.e4 c5 2.Nf3 Nc6 3.Bb5 g6 4.Bxc6 dxc6 5.d3 Bg7 6.h3 Nf6 7.Nc3 Nd7 8.Be3 e5
9.Qd2 h6 10.O-O Qe7 11.Nh2 Nf8 12.f4 exf4 13.Bxf4 Ne6 14.Bg3 Nd4 15.Rae1 Be6
16.Nd5 cxd5 17.exd5 O-O 18.dxe6 Nxe6 19.Ng4 Qg5 20.Qxg5 hxg5 21.Nf6+ Bxf6
22.Rxf6 Rfd8 23.h4 gxh4 24.Bxh4 Rd4 25.Bg3 Rad8 26.Be5 R4d5 27.Rf3 Re8 28.Rfe3 b6
29.g4 f5 30.gxf5 gxf5 31.c4 Rd7 32.Rg3+ Kf7 33.Rf1 Nd4 34.Bxd4 Rxd4 35.Rxf5+ Ke6
36.Rff3 Kd6 37.Kf2 Re7 38.Re3 Rf4+ 39.Ke2 Rxe3+ 40.Kxe3 Rf7 41.Rg6+ Kc7 42.a3 Re7+
43.Kd2 Rd7 44.b4 Kb7 45.Kc3 Kc7 46.Rg3 Kc6 47.Kb3 Kc7 48.a4 Kc6 49.a5 bxa5
50.bxc5 Kxc5 51.Kc3 a4 52.Rg5+ Kb6 53.Rb5+  1-0

[Event "ch-CUB"]
[Site "Las Tunas CUB"]
[Date "2009.01.21"]
[Round "2"]
[White "Bacallao,Y"]
[Black "Martinez,Lel"]
[Result "1-0"]
[WhiteElo "2438"]
[BlackElo "2485"]

1.e4 c5 2.Nf3 Nc6 3.Bb5 e6 4.Bxc6 bxc6 5.O-O Ne7 6.d3 Ng6 7.Ng5 f6 8.Nh3 d5
9.f4 Be7 10.Be3 O-O 11.c4 Rb8 12.Qc2 d4 13.Bc1 Nh8 14.Nd2 g6 15.Nf3 Nf7 16.e5 Qc7
17.Bd2 Bd7 18.exf6 Bxf6 19.Nf2 e5 20.Ne4 Be7 21.Nxe5 Nxe5 22.fxe5 Qxe5 23.Bh6 Rf5
24.g4 Rxf1+ 25.Rxf1 Qe6 26.h3 Be8 27.Qf2 Bf7 28.Bg5 Kg7 29.Bxe7 Qxe7 30.b3 g5
31.Nxc5 Qe3 32.Qxe3 dxe3 33.Re1 Re8 34.Ne4 h5 35.Rxe3 hxg4 36.hxg4 Bg6 37.Kf2 Rh8
38.Kg3 Rh1 39.Nxg5 Ra1 40.Ne6+ Kf6 41.Nf4 Bf7 42.Re2 c5 43.Kf3 Rf1+ 44.Rf2 Ra1
45.Ke4 Re1+ 46.Re2 Rd1 47.Nd5+ Kg5 48.Ke5 Rxd3 49.Kd6 Kxg4 50.Re7 Bg6 51.Kxc5 Rd2
52.Rg7 Kg5 53.Ne7  1-0

[Event "ch-PriFO"]
[Site "Kazan RUS"]
[Date "2009.01.22"]
[Round "2"]
[White "Mokshanov,A"]
[Black "Tumakov,D"]
[Result "0-1"]
[WhiteElo "2185"]
[BlackElo "2368"]

1.e4 c5 2.Nf3 Nc6 3.Bb5 g6 4.Bxc6 bxc6 5.O-O Bg7 6.Re1 Rb8 7.c3 e5 8.d4 cxd4
9.cxd4 exd4 10.Nxd4 Ne7 11.Nc3 O-O 12.Nb3 d5 13.Be3 dxe4 14.Bc5 Rb7 15.Qxd8 Rxd8
16.Na5 Rxb2 17.Bxe7 Re8 18.Ba3 Bxc3 19.Bxb2 Bxb2 20.Rad1 Bc3 21.Nxc6 Bxe1
22.Rxe1 Bd7 23.Nd4 Rb8 24.f3 exf3 25.Nxf3 Be6 26.Re2 Rb1+ 27.Kf2 Ra1 28.Nd4 Rxa2
29.Rxa2 Bxa2 30.Nc6 a6 31.Ke3 Bc4 32.Ke4 Bf1 33.Kf3 f6 34.g3 Kf7 35.Ke3 Ke6
36.Kd4 Bb5 37.Nb4 a5 38.Nd5 Bc6 39.Ne3 f5 40.h4 a4 41.Nc4 Bb5 42.Na3 Be2
43.Nb1 Bd1 44.Nc3 Bb3 45.Nb5 Kf6 46.Na3 g5 47.Ke3 gxh4 48.gxh4 Ke5 49.Nb1 f4+
50.Kf3 Kf5 51.Kf2 Kg4  0-1

[Event "Queenstown Classic"]
[Site "Queenstown NZL"]
[Date "2009.01.22"]
[Round "8"]
[White "Rozentalis,E"]
[Black "Goldenberg,I"]
[Result "1-0"]
[WhiteElo "2590"]
[BlackElo "2398"]

1.e4 c5 2.Nf3 Nc6 3.Bb5 g6 4.O-O Bg7 5.Re1 Nf6 6.c3 O-O 7.h3 Qc7 8.d4 cxd4
9.cxd4 a6 10.Bxc6 dxc6 11.Nc3 Rd8 12.Qc2 c5 13.d5 b5 14.Be3 Bb7 15.Rac1 Rac8
16.b3 Nd7 17.Ne2 e6 18.dxe6 fxe6 19.Nf4 Qc6 20.Ng5 Re8 21.Red1 Rc7 22.Qd2 Bf6
23.Nd3 Bxg5 24.Bxg5 Qxe4 25.f3 Qf5 26.Nf2 Ne5 27.f4 Nf7 28.Ng4 Kf8 29.Nf6 Rec8
30.g4 Nxg5 31.Qd6+ Kf7 32.gxf5  1-0

[Event "Open"]
[Site "Marianske Lazne CZE"]
[Date "2009.01.23"]
[Round "7"]
[White "Matejovsky,O"]
[Black "Bielczyk,J"]
[Result "1/2-1/2"]
[WhiteElo "2053"]
[BlackElo "2317"]

1.e4 c5 2.Nf3 Nc6 3.Bb5 g6 4.O-O Bg7 5.c3 Nf6 6.Re1 O-O 7.d4 d5 8.e5 Ne4
9.Nbd2 Bf5 10.Bxc6 bxc6 11.Nh4 Bc8 12.Nxe4 dxe4 13.Rxe4 cxd4 14.Qxd4 Qb6
15.Qxb6 axb6 16.Bg5 Rd8 17.Rd4 Rxd4 18.cxd4 f6 19.exf6 exf6 20.Bd2 Be6 21.a3 Bd5
22.Re1 f5 23.Bc3 Rd8 24.Rd1 Bb3 25.Rd2 Bh6 26.Re2 Bg7 27.Nf3 Bd5 28.Ne5 Bxe5
29.dxe5 Kf7 30.f4 Ke6 31.Rd2 Rd7 32.b4 Bc4 33.Rxd7 Kxd7 34.a4 c5 35.bxc5 bxc5
36.Kf2 Kc6 37.Ke3 Bd5 38.g3 Bb3 39.a5 Kb5 40.Kd3 Bd5 41.h3 h5 42.Bd2  1/2-1/2

[Event "ch-BLR w"]
[Site "Minsk BLR"]
[Date "2009.01.23"]
[Round "9"]
[White "Klimets,E"]
[Black "Ziaziulkina,N"]
[Result "1/2-1/2"]
[WhiteElo "2123"]
[BlackElo "1950"]

1.e4 c5 2.Nf3 Nc6 3.Bb5 e6 4.Bxc6 bxc6 5.e5 Ne7 6.b3 Ng6 7.Bb2 Be7 8.d3 O-O
9.Nbd2 f6 10.exf6 Bxf6 11.Bxf6 Qxf6 12.Ne4 Qe7 13.O-O d5 14.Ned2 e5 15.Re1 Qf6
16.Qe2 Bd7 17.Qe3 Qd6 18.c4 Rfe8 19.Rac1 Rac8 20.g3 Bh3 21.Ng5 Bd7 22.Kh1 h6
23.Ngf3 Bh3 24.Ng1 Bf5 25.f3 Kh7 26.Rcd1 Bd7 27.Nb1 Re6 28.Qf2 Ne7 29.g4 Ng6
30.Ne2 Rf6  1/2-1/2